Italy National Rugby Team - Statistics

General Stats
  • This quiz has been taken 51 times
    6 since last reset
  • The average score is 5 of 29
Answer Stats
Caps Tries Points Player % Correct
142 16 83 Sergio Parisse
67%
31 16 80 Ange Capuozzo
50%
49 4 266 Paolo Garbisi
50%
87 15 554 Tommaso Allan
50%
119 12 60 Martin Castrogiovanni
33%
101 19 95 Alessandro Troncon
17%
119 4 20 Alessandro Zanni
17%
103 8 40 Andrea Lo Cicero
17%
95 13 65 Andrea Masi
17%
54 5 152 Carlo Canna
17%
74 9 983 Diego Dominguez
17%
38 16 77 Ivan Francescato
17%
106 6 30 Leonardo Ghiraldini
17%
48 3 154 Luciano Orquera
17%
89 7 74 Luke McLean
17%
54 25 110 Marcello Cuttitta
17%
106 15 75 Mauro Bergamasco
17%
89 17 256 Mirco Bergamasco
17%
42 19 95 Monty Ioane
17%
83 21 105 Carlo Checchinato
0%
16 1 153 David Bortolussi
0%
47 2 294 Luigi Troiani
0%
43 21 84 Manrico Marchetto
0%
112 7 35 Marco Bortolami
0%
54 17 68 Massimo Mascioletti
0%
64 22 107 Paolo Vaccari
0%
40 4 260 Ramiro Pez
0%
60 17 77 Serafino Ghizzoni
0%
55 7 483 Stefano Bettarello
0%
No matching quizzes found
Score Distribution
Percent of People with Each Score
Percentile by Number Answered
Your Score History
You have not taken this quiz since the last reset